[Event "9th Nana Aleksandria Cup"]
[Site "Poti GEO"]
[Date "2014.07.17"]
[Round "6.13"]
[White "Zeynalli, Rashad"]
[Black "Dilanyan, Grigor"]
[Result "0-1"]
[BlackTitle "FM"]
[WhiteElo "2093"]
[BlackElo "2250"]
[WhiteFideId "13403320"]
[BlackFideId "13303570"]
[EventDate "2014.07.13"]

1. Nf3 Nf6 2. c4 c5 3. g3 g6 4. Bg2 Bg7 5. O-O O-O 6. Nc3 Nc6 7. a3 a5 8. Qc2 d6
9. h3 b6 10. e3 Bb7 11. Qa4 Rc8 12. Rd1 0-1

[Event "9th Nana Aleksandria Cup"]
[Site "Poti GEO"]
[Date "2014.07.17"]
[Round "6.14"]
[White "Hayrapetyan, Artavazd R."]
[Black "Tutisani, Noe"]
[Result "0-1"]
[WhiteElo "2249"]
[BlackElo "2128"]
[WhiteFideId "13304240"]
[BlackFideId "13602853"]
[EventDate "2014.07.13"]

1. d4 Nf6 2. c4 g6 3. Nc3 Bg7 4. Nf3 O-O 5. e3 d5 6. Bd3 c5 7. O-O cxd4 8. Nxd4
dxc4 9. Bxc4 a6 10. a4 Qc7 11. b3 e5 12. Nde2 Nc6 13. Ba3 Rd8 14. Qc1 Na5 15.
Ng3 Nxc4 16. bxc4 Qxc4 17. Be7 Rd3 18. Nce4 Qxc1 19. Rfxc1 Nd5 20. Nc5 Rc3 21.
Rxc3 Nxc3 22. a5 f5 23. e4 Kf7 24. Bg5 f4 25. Rc1 Nb5 26. Nf1 Nd4 27. Rb1 Nc6
28. Nxb7 Kf8 29. Nc5 h6 30. Rb6 Nxa5 31. Bd8 Nb7 32. Nxb7 Bxb7 33. Rxb7 Rxd8 34.
Ra7 Rd6 35. f3 Bf6 36. Kf2 Bd8 37. Ke2 Ba5 38. Rb7 g5 39. g3 Rc6 40. Rb2 h5 41.
gxf4 gxf4 42. Nd2 Kf7 43. h4 Bd8 44. Rb1 0-1

[Event "9th Nana Aleksandria Cup"]
[Site "Poti GEO"]
[Date "2014.07.17"]
[Round "6.15"]
[White "Gharagyozyan, Artur"]
[Black "Barseghyan, Harutyun"]
[Result "1-0"]
[WhiteElo "2278"]
[BlackElo "2108"]
[WhiteFideId "13303279"]
[BlackFideId "13304585"]
[EventDate "2014.07.13"]

1. e4 e6 2. b3 c5 3. Bb2 b6 4. g3 Bb7 5. Bg2 Nf6 6. Nc3 d6 7. Nge2 a6 8. O-O Qc7
9. d4 cxd4 10. Nxd4 Be7 11. Kh1 Nc6 12. f4 O-O 13. Nxc6 Bxc6 14. g4 Qb7 15. Re1
Rfd8 16. g5 Nd7 17. Nd5 Nc5 18. Nxe7+ Qxe7 19. Qd4 Qf8 20. Re3 b5 21. Rae1 Re8
22. Qd1 e5 23. Rh3 g6 24. Qg4 Qg7 25. f5 Rad8 26. f6 1-0

[Event "9th Nana Aleksandria Cup"]
[Site "Poti GEO"]
[Date "2014.07.17"]
[Round "6.16"]
[White "Ghukasyan, Siranush"]
[Black "Patsia, Zviad"]
[Result "1-0"]
[WhiteElo "2019"]
[BlackElo "2117"]
[WhiteFideId "13300946"]
[BlackFideId "13603485"]
[EventDate "2014.07.13"]

1. e4 a6 2. d4 b5 3. c4 bxc4 4. Bxc4 e6 5. d5 Nf6 6. Qf3 exd5 7. exd5 Bb4+ 8.
Nc3 Qe7+ 9. Ne2 Qe4 10. Qxe4+ Nxe4 11. O-O Nf6 12. Nd4 O-O 13. Bf4 d6 14. Rac1
Bb7 15. Nf5 Re8 16. Bb3 Nbd7 1-0

[Event "9th Nana Aleksandria Cup"]
[Site "Poti GEO"]
[Date "2014.07.17"]
[Round "6.17"]
[White "Vepkhvishvili, Varlam"]
[Black "Imnadze, Nato"]
[Result "0-1"]
[WhiteTitle "FM"]
[BlackTitle "WFM"]
[WhiteElo "2187"]
[BlackElo "2101"]
[WhiteFideId "13600524"]
[BlackFideId "13600974"]
[EventDate "2014.07.13"]

1. e4 e5 2. Nf3 Nc6 3. Bb5 Nge7 4. O-O g6 5. c3 a6 6. Ba4 Bg7 7. d4 exd4 8. cxd4
b5 9. Bb3 O-O 10. h3 d6 11. Nc3 Na5 12. Bc2 Bb7 13. Bg5 h6 14. Bh4 g5 15. Bg3 f5
16. exf5 Nxf5 17. d5 Nc4 18. Bxf5 Rxf5 19. Nd4 Bxd4 20. Qxd4 Qf6 21. Qg4 Rf8 22.
Rae1 Bxd5 23. Nxd5 Rxd5 24. Re6 Qf5 25. b3 0-1

[Event "9th Nana Aleksandria Cup"]
[Site "Poti GEO"]
[Date "2014.07.17"]
[Round "6.18"]
[White "Chighladze, Iveri"]
[Black "Babayan, Armine"]
[Result "1-0"]
[WhiteTitle "IM"]
[WhiteElo "2357"]
[BlackElo "2098"]
[WhiteFideId "13602039"]
[BlackFideId "13304135"]
[EventDate "2014.07.13"]

1. d4 Nf6 2. c4 e6 3. Nc3 c5 4. d5 exd5 5. cxd5 Bd6 6. e4 O-O 7. f4 Nxe4 8. Nxe4
Re8 9. Qe2 f5 10. Nxd6 Rxe2+ 11. Bxe2 Qf8 12. Nxc8 Qxc8 13. Nf3 d6 14. O-O Nd7
15. Re1 Nb6 16. b3 h6 17. Bb2 Qf8 18. Bd3 Qf7 19. Nh4 Nxd5 20. Bc4 Kh8 21. Re7
Qxe7 22. Ng6+ Kh7 23. Nxe7 Nxe7 24. Re1 Ng6 25. g3 Rd8 26. Bd3 Rf8 27. Re6 d5
28. Be5 h5 29. Bd6 Rf7 30. Bxc5 b6 31. Bd4 1-0

[Event "9th Nana Aleksandria Cup"]
[Site "Poti GEO"]
[Date "2014.07.17"]
[Round "6.19"]
[White "Ghvamberia, Nika"]
[Black "Vakhania, Alexandra"]
[Result "1-0"]
[WhiteElo "2147"]
[BlackElo "2183"]
[WhiteFideId "13602128"]
[BlackFideId "13602560"]
[EventDate "2014.07.13"]

1. e4 d6 2. d4 g6 3. Nc3 Bg7 4. Be3 a6 5. Nf3 e6 6. a4 b6 7. Qd2 h6 8. Bd3 Ne7
9. O-O Bb7 10. Rfe1 Nd7 11. h3 Kf8 12. Ne2 c5 13. c3 Qc7 14. Ng3 c4 15. Bc2 Kg8
16. Nh2 Kh7 17. Ng4 h5 18. Nh2 Rhe8 19. Qd1 Kg8 20. Nf3 Nf8 21. Qd2 1-0

[Event "9th Nana Aleksandria Cup"]
[Site "Poti GEO"]
[Date "2014.07.17"]
[Round "6.20"]
[White "Gaboyan, Susanna"]
[Black "Chkhaidze, Nikoloz"]
[Result "0-1"]
[WhiteElo "2001"]
[BlackElo "2182"]
[WhiteFideId "13303627"]
[BlackFideId "13601750"]
[EventDate "2014.07.13"]

1. d4 Nf6 2. c4 g6 3. Nf3 Bg7 4. g3 O-O 5. Bg2 d6 6. O-O Nc6 7. Nc3 a6 8. d5 Na5
9. Nd2 c5 10. Rb1 b5 11. cxb5 axb5 12. Nxb5 Qb6 13. Nc3 Bf5 14. e4 Bc8 15. Re1
Nd7 16. Na4 Qa7 17. b3 c4 18. Bb2 Ne5 19. Bf1 Bg4 20. Qc2 cxb3 21. axb3 0-1

[Event "9th Nana Aleksandria Cup"]
[Site "Poti GEO"]
[Date "2014.07.18"]
[Round "7.1"]
[White "Golod, Vitali"]
[Black "Babujian, Levon"]
[Result "1/2-1/2"]
[WhiteTitle "GM"]
[BlackTitle "GM"]
[WhiteElo "2565"]
[BlackElo "2469"]
[WhiteFideId "2804140"]
[BlackFideId "13301993"]
[EventDate "2014.07.13"]

1. d4 Nf6 2. c4 e6 3. Nf3 b6 4. a3 Bb7 5. Nc3 d5 6. cxd5 exd5 7. g3 Be7 8. Bg2
O-O 9. O-O c5 10. Bf4 Nc6 11. Rc1 Rc8 12. Bh3 Ra8 13. Bg2 Rc8 14. Bh3 Ra8 15.
Bg2 1/2-1/2

[Event "9th Nana Aleksandria Cup"]
[Site "Poti GEO"]
[Date "2014.07.18"]
[Round "7.2"]
[White "Bajarani, Ulvi"]
[Black "Hayrapetyan, Hovik"]
[Result "0-1"]
[WhiteTitle "GM"]
[BlackTitle "GM"]
[WhiteElo "2486"]
[BlackElo "2422"]
[WhiteFideId "13403028"]
[BlackFideId "13302639"]
[EventDate "2014.07.13"]

1. e4 c5 2. Nf3 e6 3. d4 cxd4 4. Nxd4 a6 5. Nc3 Qc7 6. Bd3 Nc6 7. Nxc6 dxc6 8.
O-O Nf6 9. f4 Bc5+ 10. Kh1 e5 11. Qe1 O-O 12. f5 h6 13. Qg3 Kh8 14. Bd2 b5 15.
Rf3 Be7 16. Raf1 Rg8 17. Qh4 Qd8 18. a4 Rb8 19. axb5 axb5 20. Bg5 Rb7 21. Nd1
Nh7 22. Bxe7 Qxe7 23. Qf2 Rd8 24. Ne3 Nf6 25. g4 Rd4 26. Qh4 Kg8 27. Ng2 Nh7 28.
Qe1 c5 29. c3 Rd8 30. Bc2 Rb6 31. h4 Bb7 32. Qe3 Ra6 33. Rg3 f6 34. Ne1 Ra1 35.
Rgg1 c4 36. Nf3 Ra2 37. Rb1 b4 38. cxb4 Qxb4 39. g5 hxg5 40. hxg5 fxg5 41. Nxg5
Qd2 42. Qxd2 Rxd2 43. Ne6 g5 44. Rgd1 Rxd1+ 45. Rxd1 Nf6 46. Nxg5 Rxb2 47. Rd2
c3 48. Rg2 Kf8 49. Kg1 Ke7 50. Nf3 Nxe4 51. Re2 Kf6 52. Ne1 Nd6 53. Re3 Nb5 54.
Kf1 Bc8 55. Rf3 Bb7 56. Re3 Bd5 57. Bd3 Nd4 0-1

[Event "9th Nana Aleksandria Cup"]
[Site "Poti GEO"]
[Date "2014.07.18"]
[Round "7.3"]
[White "Lorparizangeneh, Shahin"]
[Black "Alaverdyan, Gevorg"]
[Result "0-1"]
[WhiteTitle "FM"]
[BlackTitle "FM"]
[WhiteElo "2259"]
[BlackElo "2355"]
[WhiteFideId "12521604"]
[BlackFideId "13303058"]
[EventDate "2014.07.13"]

1. d4 d6 2. Nf3 Bg4 3. c4 Nf6 4. Qb3 Qc8 5. g3 g6 6. Bg2 c6 7. O-O Bg7 8. Nc3
O-O 9. Re1 Nbd7 10. h3 Bxf3 11. exf3 Re8 12. Be3 e6 13. d5 exd5 14. cxd5 c5 15.
a4 a6 16. a5 Rb8 17. f4 b5 18. axb6 Rxb6 19. Qa2 Qb7 20. Bf1 Ne4 21. Bxa6 Qb8
22. Nd1 Bxb2 23. Nxb2 Rxb2 24. Qa4 Ndf6 25. Bc4 Nc3 26. Qa5 Ncxd5 27. Bd2 Rxe1+
28. Rxe1 Rb1 29. f5 Rxe1+ 30. Bxe1 Qb1 31. fxg6 hxg6 32. Kh2 Qe4 33. Bf1 Kg7 34.
Qa1 Qf5 35. Bg2 Nb4 36. Qd1 Nc2 37. Bc3 Qxf2 38. Qxd6 Ne3 39. Bxf6+ Qxf6 40.
Qxf6+ Kxf6 41. Be4 c4 0-1

[Event "9th Nana Aleksandria Cup"]
[Site "Poti GEO"]
[Date "2014.07.18"]
[Round "7.4"]
[White "Dilanyan, Grigor"]
[Black "Andreev, Eduard UKR"]
[Result "0-1"]
[WhiteTitle "FM"]
[BlackTitle "GM"]
[WhiteElo "2250"]
[BlackElo "2493"]
[WhiteFideId "13303570"]
[BlackFideId "14103400"]
[EventDate "2014.07.13"]

1. d4 Nf6 2. Nf3 e6 3. g3 b5 4. Bg2 Bb7 5. O-O c5 6. a4 b4 7. c4 bxc3 8. Nxc3
cxd4 9. Qxd4 Nc6 10. Qd3 Nb4 11. Qb1 d5 12. Rd1 Bc5 13. Nd4 a5 14. Be3 Qb6 15.
Nc2 Bxe3 16. Nxe3 O-O 17. Qc1 Rab8 18. Qd2 Ba6 19. Rac1 Nc6 20. Na2 Ne5 21. Rb1
Rfd8 22. b4 d4 23. Nc2 d3 24. exd3 Bxd3 25. Rbc1 Bxc2 26. Qxc2 axb4 27. Rxd8+
Rxd8 28. Rb1 h5 29. Rxb4 Qa5 30. h3 Nd3 31. Rb1 Ne1 32. Qc6 Nxg2 33. Kxg2 h4 34.
g4 Nd5 35. Qc4 Qd2 36. Kf3 Nf4 37. Nc1 Nxh3 38. Qc5 Qf4+ 0-1

[Event "9th Nana Aleksandria Cup"]
[Site "Poti GEO"]
[Date "2014.07.18"]
[Round "7.5"]
[White "Tutisani, Noe"]
[Black "Shahinyan, David"]
[Result "1/2-1/2"]
[BlackTitle "FM"]
[WhiteElo "2128"]
[BlackElo "2396"]
[WhiteFideId "13602853"]
[BlackFideId "13304380"]
[EventDate "2014.07.13"]

1. Nf3 c5 2. e4 d6 3. d4 cxd4 4. Nxd4 Nf6 5. Nc3 a6 6. Bg5 Nbd7 7. Bc4 Qb6 8.
Qd2 e6 9. O-O-O h6 10. Bxf6 Nxf6 11. f4 Be7 12. Rhe1 O-O 13. Bb3 Nd7 14. Kb1 Nc5
15. g4 Bd7 16. h4 Nxb3 17. Nxb3 a5 18. a4 1/2-1/2

[Event "9th Nana Aleksandria Cup"]
[Site "Poti GEO"]
[Date "2014.07.18"]
[Round "7.6"]
[White "Pantsulaia, Levan"]
[Black "Makharadze, Jambul"]
[Result "1-0"]
[WhiteTitle "GM"]
[WhiteElo "2591"]
[BlackElo "2334"]
[WhiteFideId "13602071"]
[BlackFideId "13601369"]
[EventDate "2014.07.13"]

1. Nf3 d5 2. g3 Nf6 3. Bg2 c6 4. c4 dxc4 5. O-O Bg4 6. Na3 Nbd7 7. Nxc4 Bxf3 8.
Bxf3 e6 9. b4 Be7 10. Rb1 Rc8 11. d3 O-O 12. Qb3 Nd5 13. Bd2 Qc7 14. Rfc1 Ne5
15. Nxe5 Qxe5 16. Rc2 c5 17. b5 Rfd8 18. Rbc1 Qd6 19. d4 b6 20. e4 Nf6 21. e5
Qxd4 22. exf6 Bxf6 23. Bc3 Qd7 24. Bxf6 gxf6 25. Rd1 Qe7 26. Rcd2 Rxd2 27. Rxd2
Rd8 28. Qd1 Rxd2 29. Qxd2 f5 30. h4 Kg7 31. Bc6 h6 32. Qd7 Qxd7 33. Bxd7 Kf6 34.
Kf1 Ke7 35. Bc6 Kd6 36. Ke2 a5 37. Kd3 Ke5 38. Bf3 Kf6 39. Bd1 Ke5 40. Bb3 Kf6
41. Ke3 Ke5 42. Bc4 f6 43. f3 Kd6 44. Kf4 Ke7 45. g4 fxg4 46. fxg4 Kd6 47. a4
Ke7 48. g5 fxg5+ 49. hxg5 hxg5+ 50. Kxg5 Kf7 51. Kf4 Kf6 52. Ke4 Ke7 53. Ke5 Kd7
54. Bxe6+ Kc7 55. Ke4 1-0

[Event "9th Nana Aleksandria Cup"]
[Site "Poti GEO"]
[Date "2014.07.18"]
[Round "7.7"]
[White "Mikadze, Miranda"]
[Black "Rasulov, Vugar"]
[Result "0-1"]
[WhiteTitle "WIM"]
[BlackTitle "GM"]
[WhiteElo "2240"]
[BlackElo "2521"]
[WhiteFideId "13603108"]
[BlackFideId "13402390"]
[EventDate "2014.07.13"]

1. e4 c5 2. c3 d5 3. exd5 Qxd5 4. d4 Nc6 5. Nf3 Bf5 6. Be3 Nf6 7. Nbd2 cxd4 8.
Bc4 dxe3 9. Bxd5 exd2+ 10. Qxd2 O-O-O 11. Qf4 Rxd5 12. c4 g5 13. Nxg5 Re5+ 14.
Kf1 Bh6 15. h4 Ne4 16. Qh2 Nd2+ 17. Kg1 f6 18. Qf4 Ne4 19. Qh2 fxg5 20. hxg5 Bg7
21. Re1 Rd8 22. f4 Re6 23. g4 Bxg4 24. Qxh7 Nxg5 25. Qxg7 Rxe1+ 26. Kh2 Rd2+ 27.
Kg3 Ne4+ 28. Kxg4 Rg2+ 0-1

[Event "9th Nana Aleksandria Cup"]
[Site "Poti GEO"]
[Date "2014.07.18"]
[Round "7.8"]
[White "Quparadze, Giga"]
[Black "Gharagyozyan, Artur"]
[Result "1-0"]
[WhiteTitle "IM"]
[WhiteElo "2504"]
[BlackElo "2278"]
[WhiteFideId "13602250"]
[BlackFideId "13303279"]
[EventDate "2014.07.13"]

1. e4 d5 2. exd5 Qxd5 3. Nc3 Qd6 4. Nf3 c6 5. d4 Nf6 6. Ne5 Nbd7 7. Bf4 Nd5 8.
Nxd5 Qxd5 9. Nf3 Nb6 10. Be2 Bf5 11. c3 e6 12. O-O Qe4 13. Bg3 Qc2 14. Qxc2 Bxc2
15. Rac1 Bg6 16. Nh4 Rd8 17. Nxg6 hxg6 18. Rfd1 Bd6 19. Bf3 Bxg3 20. hxg3 Ke7
21. Be2 Rh6 22. f3 g5 23. Kf2 Nd7 24. Rh1 Rdh8 25. Rxh6 Rxh6 26. a4 Nf6 27. a5
g4 28. c4 gxf3 29. gxf3 Rh2+ 30. Ke3 g5 31. g4 Nd7 32. b4 f5 33. gxf5 exf5 34.
Rg1 Kf6 35. Kd3 Nf8 36. a6 b6 37. Re1 Ne6 38. Kc3 Nf4 39. Bd1 Rh3 40. Kd2 Rh2+
41. Kc3 Rh3 42. Kd2 Rh4 43. Ba4 Ne6 44. Bxc6 Nxd4 45. Bd5 Rh3 46. Kd3 Nxf3 47.
Re6+ Kg7 48. Re7+ Kg6 49. Rxa7 Ne5+ 50. Kc2 Ra3 51. b5 f4 52. Re7 Kf6 53. Re6+
Kf5 54. Rxb6 f3 55. Rb8 g4 56. c5 Nd7 57. c6 Nf6 58. c7 Rc3+ 59. Kxc3 Nxd5+ 60.
Kd2 1-0

[Event "9th Nana Aleksandria Cup"]
[Site "Poti GEO"]
[Date "2014.07.18"]
[Round "7.9"]
[White "Imnadze, Nato"]
[Black "Benidze, Davit"]
[Result "0-1"]
[WhiteTitle "WFM"]
[BlackTitle "GM"]
[WhiteElo "2101"]
[BlackElo "2476"]
[WhiteFideId "13600974"]
[BlackFideId "13603086"]
[EventDate "2014.07.13"]

1. e4 g6 2. d4 Bg7 3. Nc3 d6 4. Be3 c6 5. a4 Nf6 6. h3 Nbd7 7. g4 O-O 8. Bg2 e5
9. Nge2 Qe7 10. O-O Re8 11. Qd2 b6 12. Ng3 Nf8 13. Nce2 Ba6 14. a5 N6d7 15. c3
Bf6 16. Rfd1 Bh4 17. b3 Red8 18. Kh2 Ne6 19. Ra2 c5 20. axb6 axb6 21. Rda1 Nc7
22. f4 Bb7 23. fxe5 dxe5 24. d5 Nb5 25. Qd3 Nd6 26. c4 Bg5 27. Nc3 Bf4 28. Qd2
Qg5 29. Bxf4 Qxf4 30. Qxf4 exf4 31. Nge2 g5 32. Ng1 f6 33. Bf1 Rxa2+ 34. Rxa2
Ra8 35. Rxa8+ Bxa8 36. Nf3 h6 37. Bd3 Kf7 38. Kg1 Ke7 39. Kf2 Bb7 40. Ke1 Ba6
41. Kd2 Kd8 42. Kc1 Nf7 43. Kd2 Nde5 44. Be2 Nxf3+ 45. Bxf3 Bc8 46. Ke2 Bd7 47.
Nd1 Ne5 48. Nf2 Ke7 49. Nd3 Ng6 50. Kd2 Kd6 51. Be2 Be8 52. Kc3 Nh4 53. Ne1 Bg6
54. Kd3 Bh7 55. Bf3 Ng6 56. Bg2 Ne5+ 57. Ke2 Bg8 58. Nf3 Ng6 59. Ne1 Bf7 60. Bf3
Nh4 61. Kd3 h5 62. Ke2 hxg4 63. hxg4 Be8 64. Kd2 Ke5 65. Kd3 Bd7 66. Bd1 Ng6 67.
Nf3+ Kd6 68. Nh2 Nh4 69. Kc3 Ng2 70. b4 Ne3 71. bxc5+ bxc5 72. Be2 Bc8 73. Kd3
Nxc4 74. Kxc4 Ba6+ 75. Kc3 Bxe2 76. Kd2 Bb5 77. Nf3 Bd7 78. Nh2 Ke5 79. Kd3 Bb5+ 0-1

[Event "9th Nana Aleksandria Cup"]
[Site "Poti GEO"]
[Date "2014.07.18"]
[Round "7.10"]
[White "Soysal, Serkan"]
[Black "Javakhadze, Zurab"]
[Result "0-1"]
[BlackTitle "IM"]
[WhiteElo "2198"]
[BlackElo "2428"]
[WhiteFideId "6349250"]
[BlackFideId "13603647"]
[EventDate "2014.07.13"]

1. e4 g6 2. d4 Bg7 3. Nc3 c6 4. Nf3 d6 5. Be3 Bg4 6. Be2 e6 7. Qd2 d5 8. h3 Bxf3
9. Bxf3 Nd7 10. Ne2 Ne7 11. Bh6 Bxh6 12. Qxh6 dxe4 13. Bxe4 Nf5 14. Qf4 h5 15.
O-O-O h4 16. Kb1 Qb8 17. Qf3 Qc7 18. c4 Nd6 19. d5 cxd5 20. cxd5 e5 21. Nc3 f5
22. Bc2 O-O-O 23. Qe2 Kb8 24. Rhe1 Qa5 25. Ba4 Nb6 26. Bb3 Rhe8 27. Qe3 Qb4 28.
Ka1 a5 29. Qd2 Rc8 30. Na4 Qxd2 31. Rxd2 Nxa4 32. Bxa4 b5 33. Bc2 e4 34. Kb1 Rc5
35. f3 e3 36. Rd4 Rc4 37. Rxc4 bxc4 38. f4 Kc7 39. Kc1 Kb6 40. Kd1 Kc5 41. Ba4
Re4 42. Ke2 c3 43. Bc2 cxb2 0-1

[Event "9th Nana Aleksandria Cup"]
[Site "Poti GEO"]
[Date "2014.07.18"]
[Round "7.11"]
[White "Beradze, Irakli"]
[Black "Khomeriki, Nino"]
[Result "0-1"]
[BlackTitle "WFM"]
[WhiteElo "2379"]
[BlackElo "2101"]
[WhiteFideId "13604597"]
[BlackFideId "13603191"]
[EventDate "2014.07.13"]

1. e4 e5 2. Nf3 Nc6 3. Bc4 Nf6 4. d3 Bc5 5. c3 d6 6. Bb3 a6 7. O-O O-O 8. Nbd2
Ba7 9. Re1 Ne7 10. Nf1 Ng6 11. Ng3 h6 12. h3 Re8 13. d4 b5 14. a4 c5 15. axb5
axb5 16. dxc5 dxc5 17. Be3 Qc7 18. Bc2 Be6 19. Nf5 Bxf5 20. exf5 Nf4 21. Nd2 c4
22. Qf3 N4d5 23. Be4 Bxe3 24. fxe3 Rxa1 25. Rxa1 Qc5 26. Nf1 Nf4 27. Rd1 Nd3 28.
b4 Qb6 29. Ra1 Nb2 30. g4 Rd8 31. h4 Na4 32. Rc1 Nxe4 33. Qxe4 Qf6 34. Nh2 Qxh4
35. Qxe5 Rd2 36. Kh1 Qh3 37. Rg1 Nxc3 38. f6 gxf6 39. Qb8+ Kg7 0-1

[Event "9th Nana Aleksandria Cup"]
[Site "Poti GEO"]
[Date "2014.07.18"]
[Round "7.12"]
[White "Gholami, Aryan"]
[Black "Mgeladze, Tamaz"]
[Result "1/2-1/2"]
[WhiteTitle "FM"]
[BlackTitle "FM"]
[WhiteElo "2265"]
[BlackElo "2325"]
[WhiteFideId "12513342"]
[BlackFideId "13601202"]
[EventDate "2014.07.13"]

1. d4 Nf6 2. Nf3 g6 3. Bf4 Bg7 4. e3 O-O 5. Bd3 c5 6. O-O b6 7. c4 cxd4 8. exd4
d5 9. Nc3 Nc6 10. Ne5 Bb7 11. Qa4 Nxd4 12. cxd5 Nxd5 13. Qxd4 Nxf4 14. Qxf4 Bxe5
15. Qxe5 Qxd3 16. Qxe7 Bc6 17. Rad1 Qf5 18. Qc7 Rac8 19. Qd6 Qg5 20. Qg3 Qxg3
21. hxg3 Rfd8 22. f3 h5 23. Kf2 Kf8 24. Rfe1 Rxd1 25. Rxd1 Ke7 26. Ke3 Kf6 27.
Nd5+ Ke6 28. Nf4+ Kf5 29. Nd5 Re8+ 30. Kf2 Re5 31. Ne3+ Ke6 32. Rd2 Rc5 33. a3
Ke5 34. Rd8 Ke6 35. Rd2 a5 36. Rd8 Ke7 37. Rd2 f6 38. Rd4 b5 39. Rd2 Ke6 40. Ke2
g5 41. Rd8 Ke7 42. Rd1 Ke6 43. Rd8 f5 44. f4 h4 45. fxg5 hxg3 46. g6 Kf6 47.
Rd6+ Kg7 48. b4 axb4 49. axb4 Re5 50. Rxc6 f4 51. Rc3 Kxg6 52. Kf3 fxe3 53. Rxe3
Rd5 54. Ke4 Rd2 55. Rxg3+ Kf6 56. Rg4 Ke6 57. Ke3 Rb2 58. Kd3 Kd6 59. Kc3 Rf2
60. Rg6+ Kd5 61. Rg5+ Kc6 62. g3 Rf1 63. Kd4 Rd1+ 64. Kc3 Rc1+ 65. Kb3 Rc4 66.
Rg6+ Kc7 67. g4 Rf4 68. Rg5 Kb6 69. Rg6+ Kc7 70. g5 Rf3+ 71. Kc2 Rg3 72. Rg7+
Kc6 73. g6 Kd5 74. Rc7 Rxg6 75. Rc5+ Kd4 76. Rxb5 Kc4 77. Rb8 Rg2+ 78. Kd1 Rb2 1/2-1/2

[Event "9th Nana Aleksandria Cup"]
[Site "Poti GEO"]
[Date "2014.07.18"]
[Round "7.13"]
[White "Sibashvili, Giorgi"]
[Black "Keleptrishvili, Irakli"]
[Result "1-0"]
[WhiteElo "2283"]
[BlackElo "2056"]
[WhiteFideId "13602799"]
[BlackFideId "13605801"]
[EventDate "2014.07.13"]

1. Nf3 Nf6 2. c4 c6 3. e3 d5 4. b3 Bg4 5. Bb2 Nbd7 6. Be2 e6 7. h3 Bh5 8. d3 Bd6
9. g4 Bg6 10. g5 Nh5 11. Rg1 h6 12. Nh4 hxg5 13. Nxg6 fxg6 14. Nd2 Ne5 15. Bxe5
Bxe5 16. d4 Bd6 17. c5 Bc7 18. Qc2 Rh6 19. Nf3 Qe7 20. Rxg5 Nf6 21. Rxg6 Ba5+
22. Kf1 Rxh3 23. Kg2 Rh8 24. Rg1 O-O-O 25. Kf1 Rdg8 26. b4 Bc7 27. b5 cxb5 28.
Bxb5 a6 29. Bd3 Rh6 30. R6g2 e5 31. dxe5 Bxe5 32. c6 Ne8 33. cxb7+ Kxb7 34. Qb3+
Ka7 35. Qxd5 Qd6 36. Bc4 Qb4 37. Nxe5 Qb1+ 38. Ke2 Qb2+ 39. Qd2 Qxe5 40. Rg5 1-0

[Event "9th Nana Aleksandria Cup"]
[Site "Poti GEO"]
[Date "2014.07.18"]
[Round "7.14"]
[White "Khurtsilava, Inga"]
[Black "Ghukasyan, Siranush"]
[Result "0-1"]
[WhiteTitle "WGM"]
[WhiteElo "2233"]
[BlackElo "2019"]
[WhiteFideId "13600419"]
[BlackFideId "13300946"]
[EventDate "2014.07.13"]

1. d4 d5 2. Nf3 c6 3. e3 Bf5 4. Nbd2 Nf6 5. c4 e6 6. Qb3 Qb6 7. c5 Qc7 8. Nh4
Bg6 9. Nxg6 hxg6 10. f4 Be7 11. Qc3 Nbd7 12. Bd3 g5 13. Nf3 g4 14. Ne5 g3 15. h3
Ne4 16. Bxe4 dxe4 17. Qc2 f5 18. Nxd7 Qxd7 19. Bd2 g5 20. fxg5 Bxg5 21. O-O-O
O-O-O 22. Kb1 Qd5 23. Rhf1 Rhf8 24. Qa4 Kb8 25. Qc2 Bh6 26. Qc3 Bg7 27. Be1 e5
28. Bxg3 f4 29. Bh4 Rd7 30. dxe5 Qxd1+ 31. Rxd1 Rxd1+ 32. Kc2 Rd3 33. Qc4 Bxe5
34. exf4 Rd4 35. Qe6 Bxf4 36. Be7 Rc8 37. Bf6 Rd2+ 38. Kc3 e3 39. Be5+ Bxe5+ 40.
Qxe5+ Ka8 41. g4 Rf2 42. Qxe3 Rcf8 43. Qh6 a5 44. a3 R8f3+ 45. Kd4 Rxb2 46. a4
Rbb3 47. g5 Rxh3 48. Qf8+ Ka7 49. g6 Rbd3+ 50. Kc4 Rdf3 51. Kd4 0-1

[Event "9th Nana Aleksandria Cup"]
[Site "Poti GEO"]
[Date "2014.07.18"]
[Round "7.15"]
[White "Khazhomia, Salome"]
[Black "Chighladze, Iveri"]
[Result "0-1"]
[WhiteTitle "WFM"]
[BlackTitle "IM"]
[WhiteElo "2128"]
[BlackElo "2357"]
[WhiteFideId "13603230"]
[BlackFideId "13602039"]
[EventDate "2014.07.13"]

1. d4 Nf6 2. c4 c5 3. Nf3 cxd4 4. Nxd4 e5 5. Nb5 d5 6. cxd5 Bc5 7. e3 O-O 8.
N5c3 e4 9. Be2 Qe7 10. a3 Rd8 11. Qc2 Bf5 12. Nd2 Nbd7 13. g4 Nxg4 14. Bxg4 Bxg4
15. Qxe4 Ne5 16. h4 Rac8 17. h5 Rd6 18. Qg2 f5 19. Kf1 Rh6 20. e4 f4 21. f3 Bxh5
22. Rh3 Rg6 23. Qh2 Rg1+ 24. Ke2 Qf6 25. b4 Qa6+ 26. b5 Qg6 27. Rxh5 Rg2+ 28.
Qxg2 Qxg2+ 29. Kd1 Bd4 30. Bb2 Rxc3 31. Bxc3 Bxc3 32. Ra2 Nc4 33. Kc2 Qxd2+ 34.
Kb3 Na5+ 0-1

[Event "9th Nana Aleksandria Cup"]
[Site "Poti GEO"]
[Date "2014.07.18"]
[Round "7.16"]
[White "Chkhaidze, Nikoloz"]
[Black "Gavasheli, Ana"]
[Result "1-0"]
[BlackTitle "WIM"]
[WhiteElo "2182"]
[BlackElo "2135"]
[WhiteFideId "13601750"]
[BlackFideId "13602586"]
[EventDate "2014.07.13"]

1. Nf3 d5 2. c4 e6 3. g3 d4 4. Bg2 c5 5. d3 Nc6 6. O-O Nf6 7. e3 e5 8. exd4 exd4
9. Bg5 Be7 10. Bxf6 Bxf6 11. Re1+ Be7 12. Qe2 O-O 13. Ne5 Nxe5 14. Qxe5 Bd6 15.
Qd5 Rb8 16. Nd2 b6 17. a3 Be6 18. Rxe6 fxe6 19. Qxe6+ Kh8 20. Ne4 Be7 21. b4
cxb4 22. axb4 a5 23. bxa5 bxa5 24. c5 Qc7 25. h4 Rb5 26. h5 Rxc5 27. Nxc5 Qxc5
28. h6 gxh6 29. Qxh6 Rf6 30. Qd2 Qc3 31. Qa2 Qxd3 32. Qxa5 Qe2 33. Ra2 Qd1+ 34.
Bf1 Qf3 35. Qe5 Bd8 36. Rd2 Bb6 37. Bd3 Qc6 38. Qe7 Rg6 39. Bxg6 hxg6 40. Qf8+
Kh7 41. Re2 Bc5 42. Qf7+ Kh6 43. Re6 1-0